| 000 | 01680nam0a2200373 4500 | ||
|---|---|---|---|
| 001 | RU\NLR\BIBL_A\022647878 | ||
| 005 | 20251223114454.0 | ||
| 010 |
_a978-504-211661-2 _93000 |
||
| 021 |
_aRU _bАЛ-П-25-00816и _9АЛ-П-25-0166 |
||
| 035 | _a(NLR Aleph) 022647878 | ||
| 090 |
_a13509997 _c13509997 |
||
| 100 | _a20251020d2025 u y0rusy50 ca | ||
| 101 | 0 | _arus | |
| 102 | _aRU | ||
| 105 | _aa z 000zy | ||
| 181 | 0 |
_ab3 _bxb2e |
|
| 181 | 0 |
_ai2 _baxxe |
|
| 182 | 0 | _an | |
| 200 | 1 |
_aПророк. История Александра Пушкина _eот замысла до постановки _eартбук _e[режиссерский дневник о съемках проекта] _fФ. Умаров, Р. Зимски |
|
| 203 |
_aИзображение _aТекст _bвизуальные _cнепосредственные |
||
| 210 |
_aМосква _cЭксмо _d2025 |
||
| 215 |
_a215 с. _cцв. ил., портр. _d26×29 |
||
| 225 | 1 | _aКинообложка | |
| 320 | _aБиблиогр. в подстроч. примеч. | ||
| 333 | _a16+ | ||
| 488 | 0 | _12001#$aПророк. История Александра Пушкина$eфильм$fрежиссер: Феликс Умаров | |
| 605 |
_a"Пророк. История Александра Пушкина" _lфильм _2nlr_sh2 _3RU\NLR\AUTH\6601764385 |
||
| 686 | 1 | _aЩ374.3(2Р)7-7"Пророк. История Александра Пушкина" | |
| 700 | 1 |
_aУмаров _bФ. Р. _f1994- _gФеликс Ринатович |
|
| 701 | 1 |
_aЗимски _bР. |
|
| 942 | _cBOOK | ||
| 980 | _aNB | ||